00689 a2200193 4500082001800000100003900018100003000057245006800087260005300155500003700208504002600245650002900271650002100300650002000321653001700341942001300358999001700371952010700388 a523.01bSh22h aShapiro, Stuart L. ed. 1947911613 aTeukolsky, Saul A.911614 aHighlights of modern astrophysics ;bconcepts and controversies aNew YorkbA Wiley-Interscience Publicationc1986 aA Wiley Interscience publication aincludes bibliography aChemical compounds97848 aCosmology911569 aAstronomy91198 aAstrophysics 2ddccGEN c51281d51277 00102ddc4070aTUCLbTUCLd2011-01-17l0o523.01 Sh22hpG35448r2011-01-17 00:00:00w2011-01-17yGEN